Catalog

Record Details

Catalog Search



Available copies

  • 3 of 3 copies available at LARL/NWRL Consortium.
  • 2 of 2 copies available at Lake Agassiz Regional Library. (Show preferred library)

Current holds

0 current holds with 3 total copies.

Show Only Available Copies
Location Call Number / Copy Notes Barcode Shelving Location Status Due Date
Barnesville Public Library Y MAN (Text) 33500014231161 New Available -
Mahnomen Public Library Y MAN (Text) 33500014231179 New Available -
Roseau Public Library ya MAN (Text) 35500006862567 Main Available -

Record details

  • ISBN: 9780593897928
  • ISBN: 0593897927
  • ISBN: 9780593897935
  • ISBN: 0593897935
  • ISBN: 9780593897942
  • ISBN: 0593897943
  • Physical Description: 326 pages : illustration ; 22 cm
  • Edition: First edition.
  • Publisher: New York : Delacorte Press, [2025]

Content descriptions

Summary, etc.:
"When a high school tarot reader's latest client ... Read More
Danika Dizon is a natural problem-solver. Thanks ... Read More
Target Audience Note:
Ages 12 and up. Delacorte Press.
Subject: Fortune-telling > Juvenile fiction.
Missing persons > Juvenile fiction.
High schools > Juvenile fiction.
Private investigators > Juvenile fiction.
Secrecy > Juvenile fiction.
Schools > Juvenile fiction.
Young adult fiction.
Fortune telling > Fiction.
Missing persons > Fiction.
High schools > Fiction.
Schools > Fiction.
Mystery and detective stories.
Genre: Detective and mystery fiction.
School fiction.
Novels.
LDR 04328cam a22008418i 4500
001463077
003LARL_NWRL_CONSORTIUM
00520250513135019.0
008250205s2025 nyua d 000 1 eng
010 . ‡a 2024059995
040 . ‡aDLC ‡beng ‡erda ‡cDLC ‡dOCLCO ‡dIG# ‡dBRL ‡dOCO ‡dOI6 ‡dOCLCO ‡dJQF ‡dRNL ‡dOCLCO
019 . ‡a1457078961 ‡a1457079450
020 . ‡a9780593897928 ‡q(hardcover)
020 . ‡a0593897927
020 . ‡a9780593897935 ‡q(paperback)
020 . ‡a0593897935
020 . ‡a9780593897942 ‡q(library binding)
020 . ‡a0593897943
020 . ‡z9780593897959 ‡q(ebook)
035 . ‡a(OCoLC)1457078380 ‡z(OCoLC)1457078961 ‡z(OCoLC)1457079450
042 . ‡apcc
08200. ‡a[Fic] ‡223
1001 . ‡aManansala, Mia P., ‡eauthor. ‡1https://id.oclc.org/worldcat/entity/E39PCjw8w7DPjrq99H6JCdj7Xm
24510. ‡aDeath in the cards / ‡cMia P. Manansala.
250 . ‡aFirst edition.
264 1. ‡aNew York : ‡bDelacorte Press, ‡c[2025]
264 4. ‡c©2025
300 . ‡a326 pages : ‡billustration ; ‡c22 cm
336 . ‡atext ‡btxt ‡2rdacontent
337 . ‡aunmediated ‡bn ‡2rdamedia
338 . ‡avolume ‡bnc ‡2rdacarrier
521 . ‡aAges 12 and up. ‡bDelacorte Press.
520 . ‡a"When a high school tarot reader's latest client goes missing after a troubling reading, she must apply everything she has learned from her private investigator mother to solve a case of her own"-- ‡cProvided by publisher.
520 . ‡aDanika Dizon is a natural problem-solver. Thanks to her private investigator mom and mystery author dad, she's equipped with the skills to offer guidance to anxious classmates who come to her for a tarot reading between classes. For a price, of course. But when one of her clients vanishes shortly after they're dealt a death card, the girl’s younger sister Gaby begs Danika to figure out what went wrong. Danika takes on the case, thinking it's the perfect way to prove to her parents that she should be an official investigator in the family’s detective agency. What starts off as a compelling challenge quickly devolves into something darker as Danika and Gaby peel back layer after layer of the secret life the missing girl has been living. A life that those involved would do anything to keep from being revealed…
650 0. ‡aFortune-telling ‡vJuvenile fiction.
650 0. ‡aMissing persons ‡vJuvenile fiction. ‡0(LARL_NWRL_CONSORTIUM)173418
650 0. ‡aHigh schools ‡vJuvenile fiction. ‡0(LARL_NWRL_CONSORTIUM)165600
650 0. ‡aPrivate investigators ‡vJuvenile fiction.
650 0. ‡aSecrecy ‡vJuvenile fiction. ‡0(LARL_NWRL_CONSORTIUM)174888
650 0. ‡aSchools ‡vJuvenile fiction. ‡0(LARL_NWRL_CONSORTIUM)167227
650 0. ‡aYoung adult fiction. ‡0(LARL_NWRL_CONSORTIUM)35107
650 1. ‡aFortune telling ‡vFiction.
650 1. ‡aMissing persons ‡vFiction. ‡0(LARL_NWRL_CONSORTIUM)165976
650 1. ‡aHigh schools ‡vFiction. ‡0(LARL_NWRL_CONSORTIUM)169592
650 1. ‡aSchools ‡vFiction. ‡0(LARL_NWRL_CONSORTIUM)167222
650 1. ‡aMystery and detective stories. ‡0(LARL_NWRL_CONSORTIUM)176113
655 7. ‡aDetective and mystery fiction. ‡2lcgft
655 7. ‡aSchool fiction. ‡2lcgft
655 7. ‡aNovels. ‡2lcgft
901 . ‡a463077 ‡bAUTOGEN ‡c463077 ‡tbiblio

Additional Resources